000 00500nam a2200205 a 4500
999 _c6078
_d6078
001 6078
003 BD-JhCC
005 20180101182329.0
008 180101s1957 usa |||| |||| 000 0 eng d
035 _a(BD-JhCC)
040 _aBD-JhCC
_dBD-JhCC
041 _aeng
082 _a516.6
_bSLA 1957
100 _aSlaby, Steve M.
245 _aDescriptive Geometry /
_cSteve M. Slaby
260 _aUSA :
_bBarnes & Noble, Inc;
_c1957
300 _a353 p,;
_c22 cm
650 _aGeometry
942 _2ddc
_cBK